Top 100 Movies - According to IMDb - Statistics

General Stats
  • This quiz has been taken 29 times
  • The average score is 18 of 100
Answer Stats
Hint Answer % Correct
2. (Rated - 9.2) The Godfather
73%
1. (Rated - 9.3) The Shawshank Redemption
68%
4. (Rated - 9.0) The Godfather Part II
64%
12. (Rated - 8.8) Forrest Gump
55%
82. (Rated - 8.3) Toy Story
50%
3. (Rated - 9.1) The Dark Knight
45%
47. (Rated - 8.5) Casablanca
41%
14. (Rated - 8.8) Inception
41%
18. (Rated - 8.7) GoodFellas
36%
19. (Rated - 8.7) Interstellar
36%
25. (Rated - 8.6) Saving Private Ryan
36%
39. (Rated - 8.5) The Lion King
36%
95. (Rated - 8.3) Toy Story 3
36%
51. (Rated - 8.5) Django Unchained
32%
7. (Rated - 9.0) Schindler’s List
32%
8. (Rated - 8.9) The Lord of the Rings: The Fellowship of the Ring
32%
6. (Rated - 9.0) The Lord of the Rings: The Return of the King
32%
11. (Rated - 8.8) The Lord of the Rings: The Two Towers
32%
20. (Rated - 8.6) One Flew Over the Cuckoo’s Nest
27%
38. (Rated - 8.5) Psycho
27%
21. (Rated - 8.6) Seven
27%
5. (Rated - 9.0) 12 Angry Men
23%
88. (Rated - 8.3) American Beauty
23%
56. (Rated - 8.4) Apocalypse Now
23%
74. (Rated - 8.4) Avengers: Endgame
23%
69. (Rated - 8.4) Inglourious Basterds
23%
90. (Rated - 8.3) Joker
23%
36. (Rated - 8.5) Parasite
23%
9. (Rated - 8.8) Pulp Fiction
23%
24. (Rated - 8.6) Seven Samurai
23%
63. (Rated - 8.4) Spider-Man: Into the Spider-Verse
23%
67. (Rated - 8.4) The Shining
23%
57. (Rated - 8.4) WALL-E
23%
50. (Rated - 8.5) Alien
18%
61. (Rated - 8.4) Avengers: Infinity War
18%
33. (Rated - 8.5) Back to the Future
18%
76. (Rated - 8.4) Coco
18%
35. (Rated - 8.5) Gladiator
18%
44. (Rated - 8.5) Leon: The Professional
18%
28. (Rated - 8.6) Life is Beautiful
18%
60. (Rated - 8.4) Raiders of the Lost Ark
18%
45. (Rated - 8.5) Spider-Man: Across the Spider-Verse
18%
31. (Rated - 8.6) Spirited Away
18%
30. (Rated - 8.6) Star Wars: Episode IV - A New Hope
18%
16. (Rated - 8.7) Star Wars: Episode V - The Empire Strikes Back
18%
29. (Rated - 8.6) Terminator 2: Judgement Day
18%
75. (Rated - 8.4) The Dark Knight Rises
18%
40. (Rated - 8.5) The Departed
18%
10. (Rated - 8.8) The Good, the Bad and the Ugly
18%
17. (Rated - 8.7) The Matrix
18%
23. (Rated - 8.6) The Silence of the Lambs
18%
71. (Rated - 8.4) Aliens
14%
43. (Rated - 8.5) American History X
14%
85. (Rated - 8.3) Braveheart
14%
59. (Rated - 8.4 Dune: Part Two
14%
13. (Rated - 8.8) Fight Club
14%
22. (Rated - 8.6) It’s a Wonderful Life
14%
15. (Rated - 8.8) Kill Bill: The Whole Bloody Affair
14%
86. (Rated - 8.3) Princess Mononoke
14%
52. (Rated - 8.5) Rear Window
14%
26. (Rated - 8.6) The Green Mile
14%
49. (Rated - 8.5) The Usual Suspects
14%
80. (Rated - 8.4) 3 Idiots
9%
27. (Rated - 8.6) City of God
9%
73. (Rated - 8.4) Good Will Hunting
9%
37. (Rated - 8.5) Grave of the Fireflies
9%
32. (Rated - 8.6) Harakiri
9%
72. (Rated - 8.4) High and Low
9%
58. (Rated - 8.4) Memento
9%
91. (Rated - 8.3) Once Upon a Time in America
9%
94. (Rated - 8.3) Requiem for a Dream
9%
89. (Rated - 8.3) Singin’ in the Rain
9%
93. (Rated - 8.3) Star Wars: Episode VI - Return of the Jedi
9%
100. (Rated - 8.3) The Apartment
9%
41. (Rated - 8.5) Whiplash
9%
65. (Rated - 8.4) Witness for the Prosecution
9%
70. (Rated - 8.4) 12th Fail
5%
77. (Rated - 8.4) Amadeus
5%
46. (Rated - 8.5) Cinema Paradiso
5%
55. (Rated - 8.5) City Lights
5%
92. (Rated - 8.3) Come and See
5%
83. (Rated - 8.3) Das Boot
5%
87. (Rated - 8.3) Dr. Strangelove or: How I Learned to Stop Worrying and Love the Bomb
5%
99. (Rated - 8.3) Eternal Sunshine of the Spotless Mind
5%
96. (Rated - 8.3) Ikiru
5%
98. (Rated - 8.3) Incendies
5%
53. (Rated - 8.5) Modern Times
5%
84. (Rated - 8.3) Oldboy
5%
54. (Rated - 8.5) Once Upon a Time in the West
5%
78. (Rated - 8.4) Project Hail Mary
5%
64. (Rated - 8.4) Sunset Boulevard
5%
68. (Rated - 8.4) The Great Dictator
5%
97. (Rated - 8.3) The Hunt
5%
48. (Rated - 8.5) The Intouchables
5%
62. (Rated - 8.4) The Lives of Others
5%
34. (Rated - 8.5) The Pianist
5%
42. (Rated - 8.5) The Prestige
5%
79. (Rated - 8.4) Your Name.
5%
81. (Rated - 8.4) Capharnaüm
0%
66. (Rated - 8.4) Paths of Golry
0%
No matching quizzes found
Score Distribution
Percent of People with Each Score
Percentile by Number Answered
Your Score History
You have not taken this quiz